China reconstructs
Na minha lista:
| Formato: | Periódico |
|---|---|
| Idioma: | inglês |
| Publicado em: |
Beijing
China Welfare Institute
1982
|
| Tags: |
Sem tags, seja o primeiro a adicionar uma tag!
|
MARC
| LEADER | 00000nas2a22000001 4500 | ||
|---|---|---|---|
| 001 | s123479 | ||
| 005 | 20250730114220.0 | ||
| 041 | 0 | |a eng | |
| 044 | |a CN | ||
| 245 | 1 | 0 | |a China reconstructs |
| 264 | 1 | |a Beijing |b China Welfare Institute |c 1982 | |
| 300 | |a 1 zv. | ||
| 773 | 0 | |w eu_un_cat*s120596 | |